Sports Quiz

Random Sports or Soccer Quiz

Largest World Cup Winning Margins Quiz Stats

 Plays Quiz Updated Jul 15, 2018

Challenge
Share
Tweet
Embed
Score 0/28 Timer 04:00
0 Plays Today
Year Winning Nation % Correct
2002Germany
98.1%
2014Germany
98.1%
2018Russia & England
97.1%
1930Argentina
92.7%
2006Argentina
92.7%
1978Argentina
92.7%
1998Argentina
92.7%
1934Italy
88.4%
1998Spain
88.2%
1978West Germany
87.4%
1990West Germany
87.3%
1966West Germany
87.3%
2010Portugal
83.9%
1950Uruguay
83%
Year Winning Nation % Correct
1930Uruguay
83%
1994Russia
70.7%
1970Mexico
70.4%
1998Netherlands
70%
1954Hungary
67.1%
1982Hungary
67.1%
1962Hungary
67%
1938Sweden
65.6%
1962Yugoslavia
55.4%
1974Yugoslavia
55.4%
1990Soviet Union
51.9%
1986Soviet Union
51.8%
1958Czechoslovakia
38.9%
1990Czechoslovakia
38.7%

You're not logged in!

Compare scores with friends on all Sporcle quizzes.
OR
Log In

You Might Also Like...

Show Comments

Extras

Top Quizzes Today


Score Distribution

Your Account Isn't Verified!

In order to create a playlist on Sporcle, you need to verify the email address you used during registration. Go to your Sporcle Settings to finish the process.

Report this User

Report this user for behavior that violates our Community Guidelines.

Details: